| 000 | 00542nam a22002057a 4500 | ||
|---|---|---|---|
| 003 | LK-CoDNM | ||
| 005 | 20250131122606.0 | ||
| 008 | 250129b |||||||| |||| 00| 0 eng d | ||
| 040 |
_aLK-CoDNM _dLK-CoDNM _eLK-CoDNM |
||
| 041 | _aeng | ||
| 080 |
_a13 _bO31 |
||
| 100 | _aDe Radwan, C. | ||
| 245 | _aThe Secret of Mind-Power and How to Use It | ||
| 260 |
_aColombo _bThe Radwan Institute of India, Burma and Ceylon _c1940 |
||
| 300 | _a172p : 19 cm | ||
| 650 | _aPsychology | ||
| 650 | _aMind | ||
| 650 | _aIntelligence | ||
| 942 | _cBK | ||
| 999 |
_c237725 _d237725 |
||